|
|
|
|
| LEADER |
00000cam a22000004a 4500 |
| 001 |
musev2_41270 |
| 003 |
MdBmJHUP |
| 005 |
20230905044327.0 |
| 006 |
m o d |
| 007 |
cr||||||||nn|n |
| 008 |
140627s2014 miu o 00 0 eng d |
| 010 |
|
|
|z 2020749636
|
| 020 |
|
|
|a 9780472120765
|
| 020 |
|
|
|z 9780472052462
|
| 020 |
|
|
|z 9780472072460
|
| 035 |
|
|
|a (OCoLC)933516570
|
| 040 |
|
|
|a MdBmJHUP
|c MdBmJHUP
|
| 100 |
1 |
|
|a Markovits, Andrei S.
|
| 245 |
1 |
0 |
|a From Property to Family :
|b American Dog Rescue and the Discourse of Compassion /
|c Andrei S. Markovits, University of Michigan and Katherine N. Crosby, University of South Carolina.
|
| 264 |
|
1 |
|a Ann Arbor :
|b The University of Michigan Press,
|c [2014]
|
| 264 |
|
3 |
|a Baltimore, Md. :
|b Project MUSE,
|c 2016
|
| 264 |
|
4 |
|c ©[2014]
|
| 300 |
|
|
|a 1 online resource (362 pages).
|
| 336 |
|
|
|a text
|b txt
|2 rdacontent
|
| 337 |
|
|
|a computer
|b c
|2 rdamedia
|
| 338 |
|
|
|a online resource
|b cr
|2 rdacarrier
|
| 588 |
|
|
|a Description based on print version record.
|
| 650 |
|
7 |
|a Animal welfare.
|2 fast
|0 (OCoLC)fst00809431
|
| 650 |
|
7 |
|a Animal rights.
|2 fast
|0 (OCoLC)fst00809364
|
| 650 |
|
7 |
|a Animal rescue.
|2 fast
|0 (OCoLC)fst00809362
|
| 650 |
|
7 |
|a SOCIAL SCIENCE
|x General.
|2 bisacsh
|
| 650 |
|
6 |
|a Animaux
|x Sauvetage.
|
| 650 |
|
6 |
|a Animaux
|x Droits.
|
| 650 |
|
2 |
|a Animal Rights
|
| 650 |
|
0 |
|a Animal welfare.
|
| 650 |
|
0 |
|a Animal rescue.
|
| 650 |
|
0 |
|a Animal rights.
|
| 655 |
|
7 |
|a Electronic books.
|2 local
|
| 700 |
1 |
|
|a Crosby, Katherine N.
|
| 710 |
2 |
|
|a Project Muse.
|e distributor
|
| 830 |
|
0 |
|a Book collections on Project MUSE.
|
| 856 |
4 |
0 |
|z Texto completo
|u https://projectmuse.uam.elogim.com/book/41270/
|
| 945 |
|
|
|a Project MUSE - Custom Collection
|
| 945 |
|
|
|a Project MUSE - 2014 Complete Supplement
|
| 945 |
|
|
|a Project MUSE - 2014 Global Cultural Studies Supplement
|